01845nab a2200397 i 450000100060000000300080000600500170001400600190003100700150005000800410006502200140010603500220012004000310014205000220017308000080019508200180020310000430022124501220026426400740038631000140046033600310047433700330050533800430053836200570058158001300063858800830076859001620085165000580101365500320107170000430110370000410114677301640118779700180135185600610136999900170143044026FINmELB20241216222155.0m o u cr cn|||||||||220906c20049999mx br p o 0 0spa d a0036-3634 a(OCoLC)1345546874 aFINmELBbspaerdacFINmELB 4aRA451b.S263 2004 a61404a362.109722231 aSanchez Zamorano, Luisa Maria,eautor.10aEfecto del tabaquismo durante el embarazo sobre la antropometría al nacimiento /cLuisa María Sánchez-Zamorano. 1aCuernavaca, México :bInstituto Nacional de Salud Pública,c2004. aBimestral atextobtxt2rdacontent/spa acomputadorabc2rdamedia/spa arecurso en líneabcr2rdacarrier/spa0 avolúmen 46, número 6 (noviembre-diciembre 2004)- aDescripción basada en Revista Salud pública de México, volúmen 46, número 6 (noviembre-diciembre 2004), P. 529-523. aDescripción basada en metadatos suministrados por el editor y otras fuentes. aRecurso electrónico. Santa Fe, Arg.: elibro, 2022. Disponible vía World Wide Web. El acceso puede estar limitado para las bibliotecas afiliadas a elibro. 4aSalud públicazMéxicovPublicaciones peródicas. 4aArtículos electrónicos.1 aTéllez-Rojo, Martha María,eautor.1 aHernández-Avila, Mauricio,eautor.1 tSalud pública de México.xISSN 0036-3634dMorelos : Instituto Nacional de Salud Pública.gvolúmen 46, número 6 (noviembre-diciembre 2004), p. 529-5232 aelibro, Corp.40uhttps://elibro.net/ereader/politecnicointernacional/3347 c44026d44026